Géographie de l'Irlande. - Statistiques

Statistiques générales
  • Ce quiz a été pris 290 fois
  • Le résultat moyen est 8 sur 15
Statistiques - réponses
Réponses Questions % Correct
Avec quel pays l'Irlande partage-t-il son unique frontière? Royaume-Uni
97%
Quelle est la capitale de l'Irlande Dublin
95%
Quel océan? Océan {Atlantique}
90%
De combien de provinces est constituée l'Irlande? 4
86%
Mer d'{Irlande}
84%
Quelle est la deuxième ville d'Irlande? Cork
76%
Combien de comtés y'a-t-il en Irlande du Nord? 6
68%
Dans quelle province se trouve la portion britannique de l'île? Ulster
56%
Combien y'a-t-il de comtés en Irlande? 26
50%
Quel est la plus grande? Munster
45%
Quels sont les deux plus grands fleuves irlandais? Shannon
24%
Quelles mers bordent l'Irlande? Mer {Celtique}
23%
Quel est le plus grand lac irlandais? Lough Corrib
11%
Quel est le point culminant de l'Irlande? Carrauntuohil
5%
Barrow
4%
Aucun quiz correspondant
Distribution des résultats
% des personnes avec chaque résultat
Percentile par nombre de réponses
Votre historique - résultats
Vous n’avez pas pris ce quiz